Szczegóły MARC21

Dantons Tod ; Lenz ; Leonce und Lena ; Woyzeck /

003 -Nazwa inst., której nr kontr. jest w polu 001 [,]
    • @
    • Nazwa instytucji, której n kontrolny jest w polu 001
    • NUKAT
005 -DATA I CZAS OSTATNIEJ MODYFIKACJI [,]
    • @
    • pole kontrolne
    • 20250315032001.0
020 -Międzynarod. znormalizowany nr książki - ISBN [ , ]
    • a
    • Numer ISBN
    • 3150084156 Find
040 -Instytucja sporządzająca opis [ , ]
    • a
    • Instytucja, która sporządziła opis (NP)
    • KR U/DC
    • c
    • Instytucja, która sporządziła rekord (NP)
    • KR U/DC
    • d
    • Instytucja, która zmodyfikowała rekord (P)
    • KR U/DC
    • d
    • Instytucja, która zmodyfikowała rekord (P)
    • TOR U/IMs
942 -Rodzaj dokumentu [ , ]
    • c
    • Rodzaj dokumentu
    • Książka
100 -Hasło główne - nazwa osobowa [1, ]
    • a
    • Nazwa osobowa (NP)
    • Büchner, Georg
    • d
    • Daty biograficzne (NP)
    • (1813-1837).
    • 9
    • KHW
    • 78001
240 -Tytuł ujednolicony [1,0]
    • a
    • Tytuł ujednolicony
    • Dantons Tod
    • l
    • Język tekstu
    • (niem.)
    • 9
    • KHW
    • 596075
245 -Strefa tytułu i oznaczenia odpowiedzialności [1,0]
    • a
    • Tytuł
    • Dantons Tod ; Find
    • b
    • Ciąg dalszy tytułu (NP)
    • Lenz ; Leonce und Lena ; Woyzeck / Find
    • c
    • Pozostałe elementy strefy tytułu i oznaczenia odpowiedzialności (NP)
    • Georg Büchner.
260 -Strefa adresu wydawniczego [ , ]
    • a
    • Miejsce wydania (P)
    • Stuttgart :
    • b
    • Nazwa wydawcy (P)
    • Ph. Reclam jun.,
    • c
    • Data wydania (P)
    • dr. 1990.
300 -Strefa opisu fizycznego [ , ]
    • a
    • Określenie formy książki i/lub objętość (NP)
    • 218, [6] s. ;
    • c
    • Format (NP)
    • 15 cm.
336 -Typ zawartości [ , ]
    • a
    • Termin opisujący typ zawartości
    • Tekst
    • b
    • Kod określający zawartość
    • txt
    • 2
    • Źródło (terminu i kodu)
    • rdacontent
337 -Typ mediów [ , ]
    • a
    • Tryb odtwarzania
    • Bez urządzenia pośredniczącego
    • b
    • Kod typu mediów
    • n
    • 2
    • Źródło (terminu i kodu)
    • rdamedia
338 -Typ/rodzaj nośnika [ , ]
    • a
    • Hasło opisujące typ nośnika
    • Wolumin
    • b
    • Kod typu nośnika
    • nc
    • 2
    • Źródło (terminu i kodu)
    • rdacarrier
490 -Strefa serii i książki wielotomowej - forma nie do wyszukiwania [1, ]
    • a
    • Tytuł (P)
    • Reclams Universal-Bibliothek. Interpretationen Find
490 -Strefa serii i książki wielotomowej - forma nie do wyszukiwania [1, ]
    • a
    • Tytuł (P)
    • Universal-Bibliothek ; Find
    • v
    • Numeracja (P)
    • Nr. 8415 [3]
830 -Hasło dodatkowe serii i opisu książki wielotomowej - tytuł ujednolicony/tytuł [ ,0]
    • a
    • Tytuł ujednolicony/tytuł (NP)
    • Reclams Universal-Bibliothek
    • x
    • ISSN
    • 0722-8511
    • v
    • Oznaczenie tomu (NP)
    • Nr. 8415 [3]
    • 9
    • KHW
    • 12680
830 -Hasło dodatkowe serii i opisu książki wielotomowej - tytuł ujednolicony/tytuł [ ,0]
    • a
    • Tytuł ujednolicony/tytuł (NP)
    • Reclams Universal-Bibliothek.
    • p
    • Nazwa części/podserii/sekcji (P)
    • Interpretationen
    • 9
    • KHW
    • 421991
504 -Uwaga dot. bibliogr. załącznikowej [ , ]
    • a
    • Uwaga dot. bibliografii załącznikowej
    • Bibliogr. przy utworach. Indeks s. [222].
080 -Uniwersalna Klasyfikacja Dziesiętna [ , ]
    • a
    • Symbol klasyfikacji
    • 830(091)"1834/1837"=30
600 -Hasło przedmiotowe w formie nazwy osobowej [1,7]
    • a
    • Nazwa osobowa
    • Büchner, Georg
    • d
    • Daty związane z nazwą
    • (1813-1837).
    • t
    • Tytuł
    • Dantons Tod
    • 2
    • Źródło terminu
    • kaba
    • 9
    • KHW
    • 326007
600 -Hasło przedmiotowe w formie nazwy osobowej [1,7]
    • a
    • Nazwa osobowa
    • Büchner, Georg
    • d
    • Daty związane z nazwą
    • (1813-1837).
    • t
    • Tytuł
    • Lenz
    • 2
    • Źródło terminu
    • kaba
    • 9
    • KHW
    • 324070
600 -Hasło przedmiotowe w formie nazwy osobowej [1,7]
    • a
    • Nazwa osobowa
    • Büchner, Georg
    • d
    • Daty związane z nazwą
    • (1813-1837).
    • t
    • Tytuł
    • Leonce und Lena
    • 2
    • Źródło terminu
    • kaba
    • 9
    • KHW
    • 231437
600 -Hasło przedmiotowe w formie nazwy osobowej [1,7]
    • a
    • Nazwa osobowa
    • Büchner, Georg
    • d
    • Daty związane z nazwą
    • (1813-1837).
    • t
    • Tytuł
    • Woyzeck
    • 2
    • Źródło terminu
    • kaba
    • 9
    • KHW
    • 325365
980 -Symbol UKD [ , ]
    • a
    • UKD
    • 830(091)"1834/1837"=30
700 -Hasło dodatkowe - nazwa osobowa [1,2]
    • a
    • Nazwa osobowa (NP)
    • Büchner, Georg Find
    • d
    • Daty biograficzne (NP)
    • (1813-1837).
    • t
    • Tytuł ujednolicony/tytuł (NP)
    • Lenz Find
    • l
    • Język tekstu (NP)
    • (niem.)
    • 9
    • KHW
    • 596073
700 -Hasło dodatkowe - nazwa osobowa [1,2]
    • a
    • Nazwa osobowa (NP)
    • Büchner, Georg Find
    • d
    • Daty biograficzne (NP)
    • (1813-1837).
    • t
    • Tytuł ujednolicony/tytuł (NP)
    • Leonce und Lena Find
    • l
    • Język tekstu (NP)
    • (niem.)
    • 9
    • KHW
    • 440747
700 -Hasło dodatkowe - nazwa osobowa [1,2]
    • a
    • Nazwa osobowa (NP)
    • Büchner, Georg Find
    • d
    • Daty biograficzne (NP)
    • (1813-1837).
    • t
    • Tytuł ujednolicony/tytuł (NP)
    • Woyzeck Find
    • l
    • Język tekstu (NP)
    • (niem.)
    • 9
    • KHW
    • 440748
920 -ISBN [ , ]
    • a
    • ISBN
    • 3-15-008415-6 Find
Status udost. Numer inwentarzowy Lokalizacja Data inwentaryzacji Sygnatura
1G.10560BM  
-3G.10559BM1995-11-16Germ. Literaturozn. – Büchner 12
-3G.13006BM1997-12-10Germ. Literaturozn. – Büchner 13